Países Com Mais Descendência Italiana - Statistics

Estatísticas Gerais
  • Esse quiz foi jogado 233 vezes
  • A pontuação média é 19 de 25
Estatísticas das Respostas
Total % País % Correto
32.0 M 15,3 Brasil
100%
28.6 M 62,4 Argentina
97%
15.7 M 4,7 Estados Unidos
96%
1.3 M 1,5 Alemanha
91%
1.4 M 3,6 Canadá
91%
935.000 4,8 Chile
88%
4.0 M 5,9 França
88%
850.000 0,6 México
88%
2.0 M 3,8 Colômbia
87%
510.000 1,1 Espanha
87%
1.9 M 55,4 Uruguai
86%
535.000 6,1 Suíça
85%
465.000 0,7 Reino Unido
84%
70.000 0,7 Portugal
82%
480.000 7,2 Paraguai
79%
1.1 M 3,2 Perú
79%
1.0 M 3,9 Austrália
75%
2.1 M 7,5 Venezuela
75%
490.000 5,5 Áustria
70%
430.000 3,7 Bélgica
69%
45.000 1,2 Croácia
53%
290.000 6,6 Panamá
49%
385.000 7,5 Costa Rica
44%
125.000 0,2 África do Sul
37%
120.000 1,8 Líbia
30%
Nenhum quiz correspondente encontrado
Distribuição das Pontuações
Porcentagem de Pessoas com Cada Pontuação
Percentil de Números Respondidos
Sua Pontuação Histórica
Você não jogou esse quiz